[Event "6th Kolkata Open"]
[Site "Kolkata IND"]
[Date "2013.12.06"]
[Round "1.11"]
[White "Chatterjee,K"]
[Black "Mirzoev,A"]
[Result "1/2-1/2"]
[WhiteElo "2250"]
[BlackElo "2518"]

1.Nf3 d5 2.g3 Nf6 3.Bg2 c6 4.b3 Bg4 5.Bb2 Nbd7 6.O-O e6 7.c4 Bd6 8.d3 O-O
9.Nbd2 h6 10.Qc2 Re8 11.Bc3 e5 12.Rad1 a5 13.Nb1 Qe7 14.h3 Bf5 15.Nh4 Bh7
16.e4 d4 17.Be1 Bb4 18.Nd2 a4 19.Nf5 Bxf5 20.exf5 axb3 21.axb3 Nc5 22.Nf3 Na6
23.Bd2 Bxd2 24.Qxd2 Nc5 25.b4 Na4 26.Ra1 Nc3 27.Qb2 Rxa1 28.Rxa1 Qd7 29.g4 e4
30.dxe4 Nfxe4 31.Re1 Nd6 32.Bf1 Rxe1 33.Nxe1 b5 34.cxb5 cxb5 35.Qd2 Nc4 36.Qf4 Qe7  1/2-1/2

[Event "Battle of the Generations 2013"]
[Site "Moscow RUS"]
[Date "2013.12.06"]
[Round "4"]
[White "Dubov,Danii"]
[Black "Shirov,A"]
[Result "0-1"]
[WhiteElo "2629"]
[BlackElo "2695"]

1.Nf3 d5 2.g3 Bg4 3.Bg2 Nd7 4.O-O Ngf6 5.d3 e5 6.h3 Be6 7.c4 dxc4 8.d4 Bd6
9.Ng5 Bf5 10.e4 Bg6 11.f4 h6 12.Nf3 Nxe4 13.Qe1 exf4 14.Nh4 O-O 15.Nxg6 Nxg3
16.Nxf8 Nxf8 17.Rf2 Ne6 18.Nc3 Qh4 19.Ne4 Nxd4 20.Nxd6 cxd6 21.Bd2 f3 22.Bxf3 Nc2
23.Bg5 Ne2+ 24.Qxe2 Qxg5+ 25.Bg2 Nxa1 26.Qe1 d5 27.Qxa1 d4 28.Qf1 d3 29.Rxf7 Rd8
30.Rf5 Qe3+ 31.Kh2 Qd4 32.Bf3 Qxb2+ 33.Kh1 Qd4 34.Qg2 d2 35.Bd1 Re8 36.Rf1 Re1
37.Qf3 Qe4 38.Qxe4 Rxe4 39.Kg2 Re1 40.Kf2 Rxd1  0-1

[Event "FSFMA December 2013"]
[Site "Budapest HUN"]
[Date "2013.12.07"]
[Round "1.4"]
[White "Berta,S"]
[Black "Kaufmann,Attila"]
[Result "1-0"]
[WhiteElo "1969"]
[BlackElo "1970"]

1.Nf3 d5 2.g3 Nf6 3.Bg2 g6 4.b3 Bg7 5.Bb2 Bf5 6.O-O Nbd7 7.c4 c6 8.d3 Nb6
9.Nbd2 O-O 10.Rc1 Nfd7 11.Bxg7 Kxg7 12.Nh4 Nf6 13.Nxf5+ gxf5 14.cxd5 Nbxd5
15.Nc4 Kh8 16.Qd2 Qc7 17.Qb2 Kg8 18.e4 fxe4 19.dxe4 Nb6 20.Ne3 Rad8 21.Nf5 e5
22.Rc3 Qd7 23.Rc5 Qd2 24.Rc2 Qd3 25.Qxe5 Nbd7 26.Qf4 Kh8 27.Rd2 Qc3 28.Rfd1 Qa5
29.e5 Nd5 30.Bxd5 cxd5 31.Rxd5 Qc7 32.Qd4  1-0

[Event "FSFMB December 2013"]
[Site "Budapest HUN"]
[Date "2013.12.07"]
[Round "1.3"]
[White "Szlenka,Attila"]
[Black "Onur,Cem"]
[Result "1-0"]
[WhiteElo "1796"]
[BlackElo "1546"]

1.Nf3 d5 2.g3 c5 3.Bg2 Nc6 4.O-O g6 5.d3 Bg7 6.Nbd2 e6 7.c4 Nge7 8.a3 O-O
9.Rb1 Rb8 10.Qc2 d4 11.b4 cxb4 12.axb4 b5 13.Ba3 Bd7 14.Ne4 a5 15.cxb5 Rxb5
16.bxa5 Qxa5 17.Rxb5 Qxb5 18.Rb1 Qa5 19.Qc5 Ra8 20.Qxa5 Rxa5 21.Bxe7 Nxe7
22.Rb8+ Bc8 23.Nd6 Rc5 24.h3 h6 25.Nd2 Be5 26.Nxc8 Bxb8 27.Nxe7+ Kf8 28.Nc6 Rc2
29.Nc4 Bc7 30.Nxd4 Rc1+ 31.Kh2 Bb8 32.Nb5 Rc2 33.Bf3 h5 34.Kg2 Rc1 35.Nd4 Ba7
36.Nc6 Bc5 37.N6e5 Rd1 38.Nd7+ Kg7 39.Nxc5  1-0

[Event "TCh-AUT 1st Bundesliga 2013-14"]
[Site "Jenbach AUT"]
[Date "2013.12.07"]
[Round "2.4"]
[White "Moser,E"]
[Black "Mons,L"]
[Result "1/2-1/2"]
[WhiteElo "2436"]
[BlackElo "2428"]

1.g3 d5 2.Nf3 Bg4 3.Bg2 c6 4.O-O Nf6 5.d3 Nbd7 6.Nbd2 e5 7.e4 dxe4 8.dxe4 Bc5
9.h3 Bh5 10.Qe1 O-O 11.Nb3 Bb6 12.a4 a5 13.Be3 Bxf3 14.Bxf3 Re8 15.Qc3 Bxe3
16.Qxe3 Qc7 17.Rfd1 Rad8 18.Rd3 b6 19.Rad1 Nf8 20.Rxd8 Rxd8 21.Rxd8 Qxd8
22.Be2 Ne6 23.c3 h6 24.h4 Nd7 25.Bg4 Ndc5 26.Bxe6 Nxe6 27.Qd2 Qxd2 28.Nxd2 Nc5
29.b3 b5 30.axb5 cxb5 31.b4 axb4 32.cxb4 Nd3 33.Nb1 Nxb4 34.Nc3 Nd3 35.Nxb5 Nc5  1/2-1/2

[Event "34th El Corte Ingles"]
[Site "Las Palmas ESP"]
[Date "2013.12.07"]
[Round "8.13"]
[White "Guerra Arrocha,D"]
[Black "Santiago Llanes,J"]
[Result "1-0"]
[WhiteElo "1876"]
[BlackElo "1728"]

1.Nf3 d5 2.g3 Nf6 3.Bg2 c6 4.O-O Bf5 5.d3 e6 6.Nbd2 Be7 7.b3 Nbd7 8.Bb2 O-O
9.Nh4 Bg6 10.Nxg6 hxg6 11.e4 Qc7 12.f4 dxe4 13.Nxe4 Rfd8 14.Qe2 Nxe4 15.dxe4 Bf6
16.e5 Be7 17.Kh1 Nb6 18.g4 Nd5 19.f5 gxf5 20.gxf5 exf5 21.Rxf5 f6 22.c4 g6
23.Rf3 Nb4 24.exf6 Bd6 25.Rh3 Qf7 26.Be4 Re8 27.Qg4 Rxe4 28.Qxe4 Re8 29.Qh4  1-0

[Event "5th Classic Open 2013"]
[Site "London ENG"]
[Date "2013.12.07"]
[Round "1.8"]
[White "Hammer,J"]
[Black "Harari,Z"]
[Result "1-0"]
[WhiteElo "2612"]
[BlackElo "2118"]

1.Nf3 d5 2.g3 c5 3.Bg2 Nc6 4.d4 Nf6 5.O-O e6 6.c4 dxc4 7.Qa4 Bd7 8.dxc5 Bxc5
9.Qxc4 Be7 10.Rd1 O-O 11.Nc3 Rc8 12.a3 a6 13.Bf4 Qa5 14.Qa4 Qb6 15.Qc2 Rfd8
16.Rac1 Qa5 17.Qb3 b5 18.Ne5 Nxe5 19.Bxe5 Ng4 20.Bd4 Bc6 21.Bxc6 Rxc6 22.h3 Nf6
23.Nd5 Rxc1 24.Nxe7+ Kf8 25.Rxc1 Kxe7 26.Qe3 Rd7 27.Bc5+ Ke8 28.Bb6  1-0

[Event "TCh-NED Meesterklasse 2013-14"]
[Site "Netherland NED"]
[Date "2013.12.07"]
[Round "3.7"]
[White "Bosboom,M"]
[Black "Bus,T"]
[Result "1/2-1/2"]
[WhiteElo "2387"]
[BlackElo "2103"]

1.Nf3 d5 2.g3 Nf6 3.Bg2 g6 4.O-O Bg7 5.d3 O-O 6.Nbd2 c5 7.e4 Nc6 8.Re1 b6
9.c3 Bb7 10.a3 e6 11.Qc2 Rc8 12.b3 Qd7 13.Bb2 Rfd8 14.Rad1 Qc7 15.Qb1 dxe4
16.dxe4 Ng4 17.Bf1 a6 18.Be2 h5 19.Nf1 b5 20.h3 Nge5 21.Nh4 c4 22.f4 Nd3
23.Bxd3 cxd3 24.Rxd3 Na5  1/2-1/2

[Event "TCh-SVK Ext 2013-14"]
[Site "Slovakia SVK"]
[Date "2013.12.07"]
[Round "3.1"]
[White "Bezuch,M"]
[Black "Varga,Zo"]
[Result "0-1"]
[WhiteElo "2296"]
[BlackElo "2441"]

1.Nf3 d5 2.g3 c5 3.Bg2 Nc6 4.O-O e5 5.d3 f6 6.c3 Be6 7.e4 d4 8.cxd4 cxd4
9.a4 Na5 10.Nfd2 Rc8 11.b3 Bb4 12.Nc4 Nc6 13.f4 exf4 14.gxf4 Nge7 15.Qh5+ Bf7
16.Qh4 Ng6 17.Qg3 O-O 18.Bh3 Rc7 19.Ra2 Kh8 20.Rg2 Bg8 21.Bf5 Nce7 22.h4 Rc5
23.h5 Rxf5 24.Qg4 Rc5 25.f5 Bxc4 26.bxc4 Ng8 27.Rf3 Qd7 28.hxg6 h6 29.Rh3 Rc7
30.Rgh2 Rfc8 31.Bxh6 gxh6 32.Rxh6+ Nxh6 33.Rxh6+ Kg8 34.Qh4 Qg7 35.Rh7 Qxh7
36.gxh7+ Kg7 37.Qg4+ Kh8 38.Kf2 Rxh7 39.Qf4 Re8 40.Ke2 Rg8 41.e5 Rg2+ 42.Kf3 Rgh2
43.Qc1 R7h4 44.c5 R2h3+ 45.Kg2 Re3 46.c6 Rg4+ 47.Kh2 bxc6 48.Qxc6 Rh4+ 49.Kg2 Rg4+
50.Kh2 Rh4+ 51.Kg2 Rg4+ 52.Kh2 fxe5 53.Qh6+ Kg8 54.Qe6+ Kh7 55.Qf7+ Kh6 56.Qf6+ Kh5
57.Qf7+ Kg5 58.Qg6+ Kf4 59.Qh6+ Kxf5 60.Qh5+ Rg5 61.Qh7+ Kg4 62.Qd7+ Kf3
63.Qf7+ Ke2 64.Qa2+ Kf1 65.Qf7+ Ke1 66.Qd5 Rgg3 67.Qh1+ Ke2  0-1

[Event "ch-Arab Open 2013"]
[Site "Abu Dhabi UAE"]
[Date "2013.12.08"]
[Round "1.4"]
[White "Shoker,S"]
[Black "Khouri,I"]
[Result "0-1"]
[WhiteElo "2497"]
[BlackElo "2223"]

1.Nf3 d5 2.g3 g6 3.Bg2 Bg7 4.O-O e5 5.d3 Ne7 6.Nc3 O-O 7.e4 d4 8.Nb1 c5 9.a4 Nbc6
10.Na3 h6 11.Bd2 Be6 12.c3 dxc3 13.Bxc3 Qd7 14.Nc4 f6 15.Qb3 Rfd8 16.Rfd1 Rac8
17.h3 Kh7 18.Kh2 g5 19.Bf1 h5  0-1

[Event "TCh-CZE Zapad 2013-14"]
[Site "Lysa nad Labem CZE"]
[Date "2013.12.08"]
[Round "4.5"]
[White "Neckar,L"]
[Black "Jurek,J"]
[Result "1/2-1/2"]
[WhiteElo "2360"]
[BlackElo "2275"]

1.Nf3 d5 2.g3 c6 3.Bg2 Bg4 4.c4 e6 5.cxd5 Bxf3 6.Bxf3 cxd5 7.Nc3 Nc6 8.O-O Nf6
9.d3 Be7 10.Bg2 O-O 11.Bd2 Qd7 12.Rc1 Rac8 13.Qa4 Rfd8 14.a3 h6 15.Rfd1 a6  1/2-1/2

[Event "TCh-SVK Ext 2013-14"]
[Site "Slovakia SVK"]
[Date "2013.12.08"]
[Round "4.1"]
[White "Bezuch,M"]
[Black "Schwarz,Du"]
[Result "1/2-1/2"]
[WhiteElo "2296"]
[BlackElo "2390"]

1.Nf3 d5 2.g3 Nf6 3.Bg2 c6 4.O-O Bg4 5.d3 Nbd7 6.Nbd2 e5 7.e4 dxe4 8.dxe4 Be7
9.h3 Bh5 10.Qe1 O-O 11.Nh4 Re8 12.Nf5 Bf8 13.a4 Qc7 14.Nc4 Bg6 15.Nh4 Nc5
16.Nxg6 hxg6 17.Qe2 Ne6 18.c3 Red8 19.b4 b5 20.Na5 a6 21.Be3 c5 22.axb5 axb5
23.Qxb5 Rdb8 24.Qc6 cxb4 25.Qxc7 Nxc7 26.Nc6 bxc3 27.Nxb8 Rxb8 28.Rfc1 Rb3
29.Rcb1 Rxb1+ 30.Rxb1 Ne6 31.Kf1 Bc5 32.Ke2 Nd4+ 33.Kd3 c2 34.Rb8+ Kh7 35.Rc8 Ne6
36.Kd2 c1=Q+ 37.Kxc1 Bxe3+ 38.fxe3 g5 39.Bf1 g4 40.hxg4 Ng5 41.Rc5 Nxg4 42.Be2 Nf2
43.Rxe5 f6 44.Rf5 Nfxe4 45.Bd3 Kg8 46.Bxe4 Nxe4 47.g4 Kf7 48.Kc2 Ke6 49.Kd3 Nd6
50.Ra5 Nf7 51.Kd4 Ne5 52.Ra1 Nxg4 53.Rg1 Nh6 54.e4 g5 55.Ra1 Ng4 56.Ra6+ Kf7
57.Kd5 Nf2 58.e5 fxe5 59.Kxe5 Ng4+ 60.Kf5 Ne3+ 61.Kxg5 Ke7 62.Kf4 Nc4 63.Rc6 Nd6
64.Ke5 Nf7+ 65.Kd5 Ng5 66.Rg6 Nf7 67.Re6+ Kd7 68.Rf6 Ke7 69.Rg6 Nd8 70.Rg5 Nf7
71.Rf5 Nd8 72.Rf4 Nf7 73.Rf1 Nd8 74.Re1+ Kf6 75.Re2 Nf7 76.Rf2+ Ke7 77.Rxf7+ Kxf7  1/2-1/2

[Event "FSFMB December 2013"]
[Site "Budapest HUN"]
[Date "2013.12.09"]
[Round "3.2"]
[White "Szlenka,Attila"]
[Black "Bozay,Gergely"]
[Result "0-1"]
[WhiteElo "1796"]
[BlackElo "1792"]

1.Nf3 d5 2.g3 Nf6 3.Bg2 e6 4.d3 g6 5.O-O Bg7 6.Bg5 O-O 7.Qc1 c5 8.Nc3 Nbd7
9.e4 d4 10.Ne2 e5 11.Bh6 Qc7 12.Bxg7 Kxg7 13.Nh4 c4 14.Qd2 Nc5 15.h3 Bd7
16.f4 cxd3 17.cxd3 Rac8 18.fxe5 Qxe5 19.Nf3 Qe7 20.Nfxd4 Rfd8 21.Rf3 Be6
22.b4 Ncd7 23.Raf1 Qd6 24.a3 h6 25.Kh1 Rf8 26.Qf4 Qxf4 27.gxf4 Nb6 28.Rg3 Nh5
29.Re3 Na4 30.f5 Bd7 31.e5 gxf5 32.Nxf5+ Bxf5 33.Rxf5 Kg6 34.Be4 Nc3 35.Rf2+ Nxe4
36.Rxe4 f5 37.Rg2+ Kh7 38.Rh4 f4 39.Rxh5 f3  0-1

[Event "5th Classic Open 2013"]
[Site "London ENG"]
[Date "2013.12.10"]
[Round "4.38"]
[White "Richardson,Joh"]
[Black "Baterdene,Tsogbayar"]
[Result "1-0"]
[WhiteElo "2340"]
[BlackElo "1816"]

1.Nf3 d5 2.g3 g6 3.Bg2 Bg7 4.d3 c6 5.Nbd2 e6 6.Rb1 Ne7 7.h4 h5 8.O-O O-O
9.c4 Nd7 10.b4 b5 11.a4 a6 12.Qc2 Nb6 13.axb5 axb5 14.c5 Na4 15.Nb3 e5 16.Na5 Qc7
17.Bg5 f6 18.Bd2 Be6 19.e4 d4 20.Nh2 f5 21.exf5 Bxf5 22.Qb3+ Kh8 23.Rbe1 Nd5
24.Nxc6 Ndc3 25.f4 Bxd3 26.Nxe5 Bxe5 27.Bxa8 Bc4 28.Qa3 Rxa8 29.Rxe5 Bxf1
30.Nxf1 Qc6 31.Qb3 Nxc5 32.bxc5 b4 33.Qxb4 Nb5 34.Qc4 Ra1 35.Qd5 Qc8 36.Re6  1-0

[Event "5th Classic Open 2013"]
[Site "London ENG"]
[Date "2013.12.10"]
[Round "4.56"]
[White "Acosta,M USA"]
[Black "Josse,Mar"]
[Result "0-1"]
[WhiteElo "1991"]
[BlackElo "2173"]

1.Nf3 d5 2.g3 Bg4 3.Bg2 Nd7 4.c4 e6 5.O-O Ngf6 6.cxd5 exd5 7.d4 c6 8.Nc3 Be7
9.h3 Bh5 10.Ne5 Nxe5 11.dxe5 Nd7 12.f4 f5 13.g4 Bg6 14.gxf5 Bxf5 15.e4 dxe4
16.Bxe4 O-O 17.Qb3+ Kh8 18.Bxf5 Rxf5 19.Qxb7 Nxe5 20.Be3 Nc4 21.Rad1 Qe8
22.Bd4 Rb8 23.Qxb8 Qxb8 24.b3 Nb6 25.Be5 Qf8 26.Kh2 h6 27.Rg1 Bf6 28.Bd6 Qf7
29.Ne4 Rd5 30.Rde1 Bh4 31.Ref1 Qf5 32.Be5 Rxe5 33.fxe5 Qxe4 34.Rg2  0-1

[Event "5th Classic Open 2013"]
[Site "London ENG"]
[Date "2013.12.10"]
[Round "4.3"]
[White "Slavin,A"]
[Black "Hammer,J"]
[Result "1/2-1/2"]
[WhiteElo "2363"]
[BlackElo "2612"]

1.Nf3 d5 2.g3 Nf6 3.Bg2 c6 4.O-O Bg4 5.d3 e6 6.Nbd2 h6 7.h3 Bh5 8.c4 Be7
9.b3 O-O 10.Bb2 Nbd7 11.Rc1 Bd6 12.e4 dxe4 13.dxe4 e5 14.Qc2 Qe7 15.Nh4 Bg6
16.Nf5 Bxf5 17.exf5 Ba3 18.Bxa3 Qxa3 19.c5 Rfe8 20.Rfe1 Qb4 21.Qc3 a5 22.Ne4 Nxe4
23.Rxe4 Qxc3 24.Rxc3 a4 25.b4 Nf6 26.Re1 e4 27.a3 Re5 28.Rce3 Rxf5 29.Bxe4 Nxe4
30.Rxe4 Rf3 31.R1e3 Rxe3 32.Rxe3 Kf8 33.Rd3 Ke7  1/2-1/2

[Event "Pavlodar Open 2013"]
[Site "Pavlodar KAZ"]
[Date "2013.12.10"]
[Round "1.8"]
[White "Zablotsky,S"]
[Black "Kolosovskiy,A"]
[Result "1-0"]
[WhiteElo "2522"]
[BlackElo "2030"]

1.Nf3 d5 2.g3 g6 3.Bg2 Bg7 4.d4 Nf6 5.c4 dxc4 6.Na3 O-O 7.Nxc4 c5 8.O-O Nc6
9.dxc5 Qxd1 10.Rxd1 Ne4 11.Be3 Be6 12.Rac1 Rad8 13.Rd3 f5 14.Ng5 Nxg5 15.Bxg5 Rxd3
16.exd3 Rd8 17.Re1 Kf7 18.Bxc6 bxc6 19.Nd6+ Rxd6 20.cxd6 exd6 21.b3 h6 22.Bd2 Ke7
23.Rc1 Kd7 24.Bc3 Bf8 25.Bd4 c5 26.Be3 Bg7 27.f3 Bd5 28.Kf2 Be6 29.Ke2 Bd5
30.Bf2 Bb2 31.Rc2 Bg7 32.Be3 Bf8 33.h3 Be6 34.Bg1 Bd5 35.Bf2 Bg7 36.d4 cxd4
37.Rd2 a6 38.Bxd4 Bf8 39.Be3 Be6 40.Rd4 Kc7 41.Rb4 Bg7 42.Bb6+ Kc6 43.Bd4 Be5
44.Ra4  1-0

[Event "5th Classic GpB 2013"]
[Site "London ENG"]
[Date "2013.12.11"]
[Round "2.1"]
[White "Kramnik,V"]
[Black "Rowson,J"]
[Result "1-0"]
[WhiteElo "2793"]
[BlackElo "2569"]

1.Nf3 d5 2.g3 Bg4 3.Bg2 Nd7 4.O-O Ngf6 5.d3 c6 6.h3 Bh5 7.Qe1 e5 8.e4 dxe4
9.dxe4 Be7 10.Nbd2 O-O 11.Nc4 Qc7 12.Nh4 Rfe8 13.a4 b6 14.Bd2 a6 15.Kh1 Bf8
16.b3 b5 17.Ne3 Nc5 18.Nef5 bxa4 19.bxa4 Rab8 20.Ba5 Qc8 21.g4 Bg6 22.Bc3 Nfd7
23.Qd2 Nb6 24.f4 Ncxa4 25.Bxe5 Nc4 26.Qd4 Nxe5 27.Qxa4 Nd7 28.e5 Rb6 29.Rad1 Nc5
30.Qc4 Bxf5 31.Nxf5 Qe6 32.Qd4 Reb8 33.Nd6 Bxd6 34.exd6 Nd7 35.Rfe1 Qf6 36.Qe3 Qd8
37.g5 g6 38.Qe7 Nf8 39.c4 Ne6 40.Rxe6 fxe6 41.Qxe6+ Kf8 42.Qe5 Kg8 43.Bxc6 Rxc6
44.Qd5+ Kf8 45.Qxc6 Qc8 46.Qxc8+ Rxc8 47.c5  1-0

[Event "5th Classic Open 2013"]
[Site "London ENG"]
[Date "2013.12.11"]
[Round "5.3"]
[White "Hammer,J"]
[Black "Cox,JohnJ"]
[Result "1-0"]
[WhiteElo "2612"]
[BlackElo "2382"]

1.Nf3 d5 2.g3 Nf6 3.Bg2 Bf5 4.O-O e6 5.c4 c6 6.cxd5 cxd5 7.Qb3 Qc8 8.d3 Nc6
9.Bf4 Be7 10.Nc3 O-O 11.Rac1 Qd7 12.e4 Bg4 13.Ne5 Nxe5 14.Bxe5 dxe4 15.dxe4 Rfd8
16.h3 Bh5 17.g4 Bg6 18.Rfd1 Qe8 19.Qxb7 Nd7 20.Bd6 Bxd6 21.Rxd6 Nc5 22.Rxd8 Qxd8
23.Qb5 Rc8 24.Rd1 Qc7 25.b4 Nb3 26.Qd3  1-0

[Event "ch-Arab Open 2013"]
[Site "Abu Dhabi UAE"]
[Date "2013.12.12"]
[Round "5.8"]
[White "AlHuwar,J"]
[Black "Abdalsalam,Abubukr"]
[Result "1-0"]
[WhiteElo "2265"]
[BlackElo "2039"]

1.Nf3 d5 2.g3 c6 3.Bg2 Bg4 4.c4 e6 5.cxd5 cxd5 6.Qa4+ Nd7 7.Qxg4 Ngf6 8.Qa4 Bd6
9.O-O h5 10.h4 Kf8 11.d3 Qb6 12.Nc3 Bxg3 13.Be3 Qxb2 14.fxg3 Qxc3 15.Rac1 Qb2
16.Rc2 b5 17.Rxb2 bxa4 18.Rb7 a6 19.Ng5 Rc8 20.Rc1 Ke7 21.Bc5+ Ke8 22.Ba3 Rxc1+
23.Bxc1 Rh6 24.Ra7 Nb6 25.Nxf7 Nc8 26.Rc7 Rh7 27.Ng5  1-0

[Event "SportAccord Rapid Men 2013"]
[Site "Beijing CHN"]
[Date "2013.12.12"]
[Round "4.6"]
[White "Vachier Lagrave,M"]
[Black "Mamedyarov,S"]
[Result "0-1"]
[WhiteElo "2745"]
[BlackElo "2757"]

1.Nf3 d5 2.g3 g6 3.Bg2 Bg7 4.O-O e5 5.d3 c5 6.c4 d4 7.e3 Ne7 8.exd4 cxd4
9.Re1 Qc7 10.Qa4+ Bd7 11.Qa3 Bc6 12.b4 b6 13.b5 Bb7 14.Bg5 f6 15.Bd2 a6 16.Qb3 axb5
17.Na3 bxc4 18.Nxc4 Nd7 19.Nfxe5 fxe5 20.Bxb7 Rb8 21.Bb4 Rxb7 22.Nd6+ Kd8
23.Rac1 Nc6 24.Qd5 Nxb4 25.Nxb7+ Ke7 26.Qxd4 Nc6 27.Qh4+ Bf6 28.Qe4 Rc8 29.d4 Qxb7
30.dxe5 Bg5 31.f4 Nc5 32.Qf3 Bh6 33.Rcd1 Bg7 34.Rd6 Kf8 35.Red1 Kg8 36.Qd5+ Kh8
37.h4 Bf8 38.Rf6 Be7 39.Rf7 Rd8 40.Qf3 Rxd1+ 41.Qxd1 Nd8  0-1

[Event "5th Penang Open 2013"]
[Site "George Town MAS"]
[Date "2013.12.12"]
[Round "7.19"]
[White "Yeap,E"]
[Black "Lim,DeL"]
[Result "1/2-1/2"]
[WhiteElo "2137"]
[BlackElo "1893"]

1.Nf3 d5 2.g3 g6 3.Bg2 Bg7 4.O-O e5 5.d3 Ne7 6.c4 dxc4 7.Qa4+ Bd7 8.Qxc4 Nbc6
9.Bd2 O-O 10.Qc1 Bg4 11.Re1 Qd7 12.Nc3 Rad8 13.Ne4 b6 14.Bh6 f5 15.Bxg7 Kxg7
16.Ned2 Rf6 17.b4 Bxf3 18.Nxf3 Qd6 19.a3 Rd7 20.Qc4 h6 21.Rac1 g5 22.h3 Qe6  1/2-1/2

[Event "6th Kolkata Open"]
[Site "Kolkata IND"]
[Date "2013.12.12"]
[Round "8.17"]
[White "Sundararajan,K"]
[Black "Visakh,NR"]
[Result "0-1"]
[WhiteElo "2435"]
[BlackElo "2303"]

1.g3 d5 2.Nf3 Nf6 3.Bg2 e6 4.O-O c5 5.b3 Be7 6.Bb2 O-O 7.e3 Nc6 8.d4 b6 9.c4 Ba6
10.Nbd2 Rc8 11.Ne5 cxd4 12.exd4 Na5 13.Bc3 dxc4 14.b4 b5 15.Rb1 Nd5 16.Bxd5 Qxd5
17.bxa5 b4 18.Bxb4 Bxb4 19.Rxb4 c3 20.Re1 cxd2 21.Qxd2 Bb7 22.f3 f6 23.Qb2 Ba6
24.Ng4 Qxf3 25.Ne3 Qc6 26.Qb3 Kh8 27.Ng2 Rfe8 28.Nf4 e5 29.dxe5 fxe5 30.Ng2 Qc5+
31.Ne3 Rf8 32.a3 Rcd8 33.Qc2 Qxa5 34.Qa4 Qxa4 35.Rxa4 Rd6 36.Ng4 h6 37.Nxe5 Kh7
38.Nc4 Rdf6 39.Ne5 Rd8 40.Ng4 Rc6 41.Ne5 Rf6 42.Ng4 Rfd6 43.Ne5 Rc8 44.Nf7 Rf6
45.Rf4 Rb6 46.Rb4 Rbc6 47.Ra4 R8c7 48.Ne5 Rd6 49.Rf4 Rc3 50.Rf3 Rxf3 51.Nxf3 Rd3
52.Kf2 Rxa3 53.Re7 Ra2+ 54.Ke1 Bd3 55.h4 a5 56.Nd4 h5 57.Nf3 a4 58.Re6 g6
59.Re3 Bf5 60.Kd1 a3 61.Nd2 Ra1+ 62.Ke2 a2 63.Ra3 Be6 64.Ne4 Bc4+ 65.Ke3 Re1+
66.Kd4 Bb3 67.Ra7+ Kh6 68.Kc3 a1=Q+ 69.Rxa1 Rxa1 70.Kxb3 Re1  0-1

[Event "6th Kolkata Open"]
[Site "Kolkata IND"]
[Date "2013.12.12"]
[Round "8.1"]
[White "Pantsulaia,L"]
[Black "Stopa,Ja"]
[Result "1-0"]
[WhiteElo "2605"]
[BlackElo "2488"]

1.Nf3 d5 2.g3 Nf6 3.Bg2 e6 4.O-O Be7 5.c4 O-O 6.b3 b6 7.cxd5 exd5 8.d4 Bb7
9.Nc3 Nbd7 10.Bb2 Re8 11.Rc1 c6 12.e3 Bd6 13.Nd2 Rc8 14.Re1 Bf8 15.a3 a6
16.Qc2 g6 17.Ne2 Bg7 18.Nf4 Nf8 19.a4 a5 20.Ba3 N6d7 21.Bh3 f5 22.Bf1 Ne6
23.Nf3 Ng5 24.Nxg5 Qxg5 25.b4 axb4 26.Bxb4 Qd8 27.Qb3 Ba8 28.Rc2 Kh8 29.Rec1 Nf6
30.Ba3 Rb8 31.Rxc6 Bxc6 32.Rxc6 Qd7 33.Bb5 Qf7 34.Qc2 Qg8 35.h4 Rec8 36.Bd6 Ra8
37.Bc7 Nd7 38.Rxg6 Nf6 39.Qxf5 Rxc7 40.Rxf6 Rc1+ 41.Kg2 Bxf6 42.Qxf6+ Qg7
43.Qxb6 Qe7 44.Qe6 Qxe6 45.Nxe6 Ra1 46.g4 Rc8 47.Nc5 Ra8 48.Kg3 Rf8 49.f4 Rf7
50.Bd7 Re7 51.Be6 Rxa4 52.Nxa4 Rxe6 53.Kf3 Kg7 54.f5 Rh6 55.Kg3 Ra6 56.Nc3 Rd6
57.Kf4 Rd8 58.g5 h6 59.g6 Rd7 60.h5 Rd8 61.Nd1 Rc8 62.Nf2  1-0

[Event "5th Classic GpD 2013"]
[Site "London ENG"]
[Date "2013.12.12"]
[Round "3.1"]
[White "Caruana,F"]
[Black "Howell,D"]
[Result "1/2-1/2"]
[WhiteElo "2782"]
[BlackElo "2640"]

1.Nf3 d5 2.g3 g6 3.Bg2 Bg7 4.O-O Nf6 5.c4 c6 6.b3 Ne4 7.d4 O-O 8.Bb2 Bf5
9.Nbd2 a5 10.Nh4 Nxd2 11.Qxd2 Be6 12.Rac1 a4 13.Nf3 Bf5 14.cxd5 cxd5 15.Ne5 axb3
16.axb3 Qd6 17.Rc5 Be6 18.Rfc1 Qb6 19.Bxd5 Bxd5 20.Rxd5 Qxb3 21.Rdc5 Ra2
22.R5c2 Bxe5 23.dxe5 Nc6 24.Bc3 Rxc2 25.Rxc2 Rd8 26.Qc1 Qd5 27.Rb2 b5 28.Qe3 Qc4
29.Rb1 b4 30.Ba1 Qc2 31.Qc1 b3 32.Kg2 Nb4 33.Qb2 Rd1 34.Rxd1 Qxd1 35.e6 f6
36.Qc3 Nc2 37.Qc8+ Kg7 38.Qb7 Qd6 39.Bc3 Qxe6 40.e3 Kf7 41.Qb5 h5 42.h4 Na3
43.Qb7 Nc4 44.Kg1 Nxe3 45.Bb4 Ng4 46.Bc5 Ne5 47.Ba3 Nd3 48.Kg2 Ne1+ 49.Kg1 Nc2
50.Bc5 Na1 51.Bd4 Nc2 52.Bc5 Kf8 53.Qb8+ Kg7 54.Qb7 Qf7 55.Qb8 Ne1 56.Qb7 Nd3
57.Ba3 e5 58.Qb5 e4 59.Qb6 Ne5 60.Bb2 Nd3 61.Bd4 Ne1 62.Bb2 Nd3 63.Bd4 Ne5
64.Bb2 Kh7 65.Bc3 Ng4 66.Bb2 Kh6 67.Bc1+ Kg7 68.Bb2 Kh7 69.Bc3 Qd5 70.Qc7+ Kh6
71.Qf4+ Kg7 72.Qc7+ Kg8 73.Qb8+ Kg7 74.Qc7+ Qf7 75.Qb6 Nh6 76.Qc6 Qe7 77.Qb6 Qf7
78.Qc6 e3 79.fxe3 Ng4 80.Bd4 Kh7 81.Qb5 Qe6 82.Qb7+ Kh6 83.Qb8 Kg7 84.Qb7+ Qf7
85.Qc6 Ne5 86.Bxe5 fxe5 87.Qb5 Kf6 88.Qc6+ Qe6 89.Qf3+ Kg7 90.Qb7+ Kh6 91.Qb8 g5
92.hxg5+ Kxg5 93.Qb4 Qd5 94.Kf2 Qf7+ 95.Kg2 Kf5 96.e4+ Kg4 97.Qc3 b2 98.Qc8+ Kg5
99.Qb8 Qa2 100.Qxe5+ Kg6 101.Qd6+ Kf7 102.Qd7+ Kf6 103.Qd6+ Qe6 104.Qb4 Qe5
105.Qf8+ Kg6 106.Qg8+ Kh6 107.Qf8+ Kg6 108.Qg8+ Qg7 109.Qe6+ Kh7 110.Qf5+ Kh6
111.Qf4+ Qg5 112.Qf8+ Kh7 113.Qf7+ Kh6 114.Qf8+ Qg7 115.Qf4+ Kh7 116.Qf5+ Kg8
117.Qc8+ Qf8 118.Qc4+ Qf7 119.Qb5 Qa2 120.Qe8+ Kg7 121.Qe7+ Kg6 122.Qd6+ Kf7
123.Qd7+ Kf6 124.Qd6+ Qe6 125.Qb4 Qe5 126.Qf8+ Kg5  1/2-1/2

[Event "5th Classic GpA 2013"]
[Site "London ENG"]
[Date "2013.12.12"]
[Round "4.1"]
[White "Anand,V"]
[Black "McShane,L"]
[Result "1-0"]
[WhiteElo "2773"]
[BlackElo "2684"]

1.Nf3 d5 2.g3 c6 3.Bg2 Bg4 4.O-O Nd7 5.d4 e6 6.Nbd2 Ngf6 7.Re1 Be7 8.e4 O-O
9.h3 Bh5 10.c3 Bg6 11.e5 Ne4 12.Nxe4 Bxe4 13.Nh2 Bg6 14.h4 h6 15.Bf1 c5 16.Bd3 Bxd3
17.Qxd3 cxd4 18.cxd4 Qa5 19.Be3 Rfc8 20.Qe2 Qa6 21.Qg4 Kh8 22.Qh5 Kg8 23.Bxh6 gxh6
24.Ng4 Bf8 25.Re3 Rc4 26.Rd1 Qb6 27.Rf3 Rxd4 28.Rxd4 Qxd4 29.Rxf7 Qd1+ 30.Kg2 Qxg4
31.Rxf8+ Rxf8 32.Qxg4+ Kf7 33.Qa4 Rd8 34.h5 Nf8 35.Qf4+ Ke8 36.Qxh6 d4 37.Kf1 Rd5
38.Qf6  1-0

[Event "5th Classic Open 2013"]
[Site "London ENG"]
[Date "2013.12.12"]
[Round "6.46"]
[White "Tsifanskaya,L"]
[Black "Berry,N"]
[Result "1-0"]
[WhiteElo "2093"]
[BlackElo "2242"]

1.Nf3 d5 2.g3 Nf6 3.Bg2 c5 4.O-O Nc6 5.d4 e6 6.c4 dxc4 7.Qa4 Bd7 8.Qxc4 cxd4
9.Nxd4 Rc8 10.Nxc6 Bxc6 11.Bxc6+ Rxc6 12.Qa4 Bc5 13.Nc3 O-O 14.Bg5 Qd4 15.Bxf6 Qxa4
16.Nxa4 gxf6 17.e3 Rfc8 18.Rad1 Be7 19.Rd7 R8c7 20.Rfd1 f5 21.a3 Kf8 22.Nc3 a6
23.Rxc7 Rxc7 24.Rd3 Bf6 25.Kg2 Ke7 26.Kf3 Bxc3 27.Rxc3 Rxc3 28.bxc3 Kd6 29.Kf4 f6
30.e4 fxe4 31.Kxe4 Kc5 32.g4 e5 33.Kf5 Kc4 34.Kxf6 Kxc3 35.Kxe5 b5 36.f4 a5
37.f5 b4 38.axb4 a4 39.f6 a3 40.f7 a2 41.f8=Q a1=Q 42.Qc5+ Kd3+ 43.Ke6 Qe1+
44.Kf7 Qh4 45.Qh5 Qd8 46.Qxh7+ Kc3 47.Qg7+ Kb3 48.Qe5 Qd7+ 49.Qe7 Qd3 50.g5 Qh7+
51.Kf6 Qh8+ 52.Kf5 Qxh2 53.Qe3+ Ka4 54.g6 Qc2+ 55.Qe4 Qc8+ 56.Qe6 Qc2+ 57.Kf6 Kxb4
58.g7 Qf2+ 59.Ke7 Qh4+ 60.Ke8 Qh5+ 61.Kd8 Qa5+ 62.Ke8 Qh5+ 63.Qf7 Qb5+ 64.Qd7 Qb8+
65.Ke7 Qe5+ 66.Kf7 Qf4+ 67.Kg6 Qg3+ 68.Kf6 Qh4+ 69.Kf7 Qf4+ 70.Ke8 Qb8+ 71.Qd8 Qb5+
72.Kf7 Qh5+ 73.Kg8 Kc3 74.Qf6+ Kc2 75.Kf8 Qc5+ 76.Kf7 Qc7+ 77.Kg6 Qg3+ 78.Qg5 Qd6+
79.Kh7 Qd7 80.Qg3 Qe7 81.Kh6  1-0

[Event "5th Classic Open 2013"]
[Site "London ENG"]
[Date "2013.12.12"]
[Round "6.12"]
[White "Hawkins,Jo"]
[Black "Longson,A"]
[Result "1/2-1/2"]
[WhiteElo "2512"]
[BlackElo "2333"]

1.Nf3 d5 2.g3 Bg4 3.Bg2 Nd7 4.O-O e6 5.d3 Bd6 6.Nbd2 Ne7 7.b3 O-O 8.Bb2 c6
9.h3 Bh5 10.Qe1 a5 11.a4 f6 12.e4 Qc7 13.Nd4 Nc5 14.Ba3 Bf7 15.f4 e5 16.Ne2 exf4
17.Nxf4 dxe4 18.Nxe4 Nxe4 19.Bxe4 Bxa3 20.Rxa3 Nd5 21.Qd2 Rfe8 22.Raa1 Qb6+
23.Qf2 Qxf2+ 24.Kxf2 Nc3 25.Bf3 Re7 26.Rfe1 Rae8 27.Rxe7 Rxe7 28.Re1 Kf8
29.Ne2 Nxe2 30.Rxe2 Rxe2+ 31.Kxe2 Ke7 32.d4 Kd6 33.c4 b6 34.Ke3  1/2-1/2

[Event "Pavlodar Open 2013"]
[Site "Pavlodar KAZ"]
[Date "2013.12.12"]
[Round "4.19"]
[White "Ospanov,N"]
[Black "Efanov,Mikhail"]
[Result "1/2-1/2"]
[WhiteElo "2269"]
[BlackElo "2091"]

1.Nf3 d5 2.g3 Bg4 3.Bg2 Nd7 4.d3 e6 5.O-O Bd6 6.Nbd2 Ne7 7.e4 O-O 8.h3 Bh5
9.Qe2 c5 10.Re1 Nc6 11.c3 Re8 12.g4 Bg6 13.Nf1 h6 14.g5 hxg5 15.Nxg5 Nf6
16.f4 Nh7 17.Nxh7 Bxh7 18.Bd2 Be7 19.Qg4 Bh4 20.Re2 c4 21.dxc4 dxe4 22.Be1 Bxe1
23.Raxe1 f5 24.Qg3 e5 25.Ne3 exf4 26.Qxf4 Ne5 27.Nxf5 Nd3 28.Qg4 Bxf5 29.Qxf5 Nxe1
30.Rxe1 Qd2 31.Rxe4 Rxe4 32.Qxe4 Qc1+ 33.Kh2 Rf8 34.Qd5+ Kh8 35.b4 Qf4+ 36.Kh1 Qc1+
37.Kh2  1/2-1/2